000 00725nam a2200229Ii 4500
003 JO-AjNU
008 230605s9999||||xx |||||||||||||| ||und||
017 _a2009/3/1058
020 _a978-9957-506-25-4
040 _aJO-AjNU
_bara
_erda
_cJO-AjNU
041 _aara
050 1 4 _aBP449.D87 2009
100 3 _aالدوري، قحطان عبد الرحمن,
_eauthor
_950387
245 0 0 _aالبحث الفقهي
250 _aط1
264 3 1 _aعمان: عماد الدين للنشر والتوزيع ، 2009
300 _a79ص
336 _atext
_btxt
_2rdacontent
337 _aunmediated
_bn
_2rdamedia
338 _avolume
_bnc
_2rdacarrier
650 4 _aالفقه الاسلامي- مصادر- تراجم
_950388
999 _aA22193
_c25761
_d25761